[Event "Ruhrgebiet VK1 0708"]
[Site "Germany"]
[Date "2007.12.09"]
[Round "4.3"]
[White "Janz, Raphael"]
[Black "Gerst, Michael"]
[Result "1/2-1/2"]
[WhiteElo "1819"]
[BlackElo "1969"]
[PlyCount "31"]
[EventDate "2007.09.16"]
[EventType "team"]
[EventRounds "9"]
[EventCountry "GER"]
[SourceTitle "EXT 2009"]
[Source "ChessBase"]
[SourceDate "2008.11.26"]
[SourceVersion "1"]
[SourceVersionDate "2008.11.26"]
[SourceQuality "1"]
[WhiteTeam "Welper SV II"]
[BlackTeam "Oberhausen II"]
[WhiteTeamCountry "GER"]
[BlackTeamCountry "GER"]

1. c4 e6 2. Nc3 d5 3. cxd5 exd5 4. d4 Nf6 5. Bg5 Be7 6. Nf3 0-0 7. e3 h6 8. Bh4 b6 9. Be2 Bb7 10. 0-0 Nbd7 11. Rc1 c5 12. Qc2 Rc8 13. Rfd1 Ne4 14. Bg3 Nxg3 15. hxg3 Nf6 16. Qd2 1/2-1/2

[Event "Niederrhein-ch"]
[Site "Niederrhein"]
[Date "2001.04.10"]
[Round "5"]
[White "Janz, Raphael"]
[Black "Henneberger, Sven"]
[Result "1/2-1/2"]
[WhiteElo "1864"]
[BlackElo "1862"]
[PlyCount "81"]
[EventDate "2001.04.06"]
[EventType "swiss"]
[EventRounds "9"]
[EventCountry "GER"]
[SourceTitle "EXT 2006"]
[Source "ChessBase"]
[SourceDate "2005.11.24"]
[SourceVersion "1"]
[SourceVersionDate "2005.11.24"]
[SourceQuality "1"]

1. c4 Nf6 2. Nc3 g6 3. e4 d6 4. g3 Bg7 5. Bg2 0-0 6. Nge2 c6 7. 0-0 e5 8. d4 Nbd7 9. h3 Qc7 10. Be3 Rd8 11. Qc2 exd4 12. Nxd4 Nf8 13. Rad1 Be6 14. b3 a6 15. Na4 c5 16. Nxe6 Nxe6 17. Nc3 Qe7 18. f4 Nc7 19. a4 Rab8 20. Kh2 b5 21. axb5 axb5 22. e5 dxe5 23. fxe5 Nh5 24. Nxb5 Rxd1 25. Qxd1 Nxb5 26. cxb5 Bxe5 27. Bf2 Rxb5 28. Re1 Qc7 29. Qd3 Rb8 30. Re3 Bd4 31. Rf3 Bxf2 32. Rxf2 Ng7 33. Bd5 Rf8 34. Qc4 Nf5 35. Rf3 Qe7 36. Qd3 Qe5 37. Be4 Nd4 38. Rf2 Qd6 39. b4 Qb6 40. bxc5 Qxc5 41. Qe3 1/2-1/2

[Event "Niederrhein-ch"]
[Site "Niederrhein"]
[Date "2001.04.08"]
[Round "3"]
[White "Janz, Raphael"]
[Black "Vasiljev, Jurij"]
[Result "1/2-1/2"]
[WhiteElo "1864"]
[BlackElo "2046"]
[PlyCount "49"]
[EventDate "2001.04.06"]
[EventType "swiss"]
[EventRounds "9"]
[EventCountry "GER"]
[SourceTitle "EXT 2006"]
[Source "ChessBase"]
[SourceDate "2005.11.24"]
[SourceVersion "1"]
[SourceVersionDate "2005.11.24"]
[SourceQuality "1"]

1. c4 c5 2. Nf3 g6 3. d4 cxd4 4. Nxd4 Bg7 5. e4 Nc6 6. Be3 Qa5+ 7. Nc3 Nf6 8. f3 0-0 9. Be2 d6 10. 0-0 Bd7 11. Nb3 Qd8 12. Qd2 Re8 13. Rac1 b6 14. Nd5 Rc8 15. Nd4 e6 16. Nc3 Qe7 17. Ndb5 d5 18. exd5 exd5 19. Nxd5 Nxd5 20. Qxd5 Bxb2 21. Nd6 Bxc1 22. Rxc1 Be6 23. Nxc8 Rxc8 24. Qb5 Qd6 25. Qb2 1/2-1/2